000 00854nam a22002537a 4500
005 20180205151019.0
010 _aENG-122199
020 _a9789352533022 (V.1)
_c650.00
035 _aB-685805-822
035 _aEN-105731
037 _bAsian
_adpl
037 _bDBAD/PUB
082 _a657
100 _aShukla, M.C.
245 _aAdvanced accounts volume I /
_cby M.C. Shukla, T.S. Grewal [and] S.C. Gupta
250 _a19th ed
260 _aNew Delhi
_bS.Chand
_c2016
270 _a7361, Ram Nagar,
_bNew Delhi
_e110055
300 v _avarious pagings
_c25cm(pbk)
700 _aGrewal, T.S.
700 _aGupta, S.C.
942 _2ddc
_cEN
_mSHU
_h657
999 _c145513
_d145513